MARC details
| 000 -LEADER |
| campo de control de longitud fija |
03073cam a2200553Ia 4500 |
| 001 - NÚMERO DE CONTROL |
| campo de control |
89253 |
| 005 - FECHA Y HORA DE LA ÚLTIMA TRANSACCIÓN |
| campo de control |
20230411090047.0 |
| 008 - DATOS DE LONGITUD FIJA--INFORMACIÓN GENERAL |
| campo de control de longitud fija |
000816r20070000bl b 001 1 por d |
| 035 ## - NÚMERO DE CONTROL DEL SISTEMA |
| Número de control de sistema |
(OCoLC)ocn163107881 |
| 040 ## - FUENTE DE CATALOGACIÓN |
| Centro catalogador/agencia de origen |
UBA |
| Lengua de catalogación |
por |
| Centro/agencia transcriptor |
UBA |
| Centro/agencia modificador |
OCLCQ |
| -- |
BLBSF |
| 020 ## - NÚMERO INTERNACIONAL ESTÁNDAR DEL LIBRO |
| ISBN cancelado o inválido |
978857625106X |
| 035 ## - NÚMERO DE CONTROL DEL SISTEMA |
| Número de control de sistema |
(OCoLC)163107881 |
| 049 ## - FONDOS LOCALES (OCLC) |
| Biblioteca depositaria |
GRAL |
| 245 00 - MENCIÓN DEL TÍTULO |
| Título |
Direito das relacoes internacionais : |
| Resto del título |
ensaios histórios e jurídicos / |
| Mención de responsabilidad, etc. |
Jorge Luís Mialhe, organizador. |
| 260 ## - PUBLICACIÓN, DISTRIBUCIÓN, ETC. |
| Lugar de publicación, distribución, etc. |
Campinas : |
| Nombre del editor, distribuidor, etc. |
Millennium, |
| Fecha de publicación, distribución, etc. |
2007. |
| 300 ## - DESCRIPCIÓN FÍSICA |
| Extensión |
437 p. |
| 500 ## - NOTA GENERAL |
| Nota general |
Textos de vários autores. |
| 504 ## - NOTA DE BIBLIOGRAFÍA, ETC. |
| Nota de bibliografía, etc. |
Inclui bibliografia. |
| 505 2# - NOTA DE CONTENIDO CON FORMATO |
| Nota de contenido con formato |
Breves estudos de história da filosofia nas relacoes internacionais [...] / Alexandre Almeida -- Formacao história do conceito de soberania / Antoni Iatarola -- Fundamento histórico-políticos do direito de relacoes internacionais [...] / Claudia Mardones -- A conferencia interamericana sobre problemas da guerra e da paz de 1945 / Erika Seguchi -- Consideracoes sobre a história do direito das relacoes internacionais [...] / Jorge Mialhe -- Fundamentos históricos e políticos do direito das relacoes internacionais [...] / Kleber Stefano |
| 505 2# - NOTA DE CONTENIDO CON FORMATO |
| Nota de contenido con formato |
Mecanismos jurídicos de integracao para o Mercosul / Angela Pompeu -- Integracao Mercosul - Uniao Europeia: dificuldades na area agricola / Daina Gutmanis -- O comercio internacional brasileiro de produtos industriais: negociacoes entre Brasil e Uniao Europeia e Brasil e Estados Unidos / Letâicial Bellani -- O tratado de constituicao da Europa e a reafirmacao da cidadania europeia / Tatiane Ferreira -- Um esboco critico as concepcoes geopoliticas classicas / Rodrigo Passos. |
| 650 #7 - PUNTO DE ACCESO ADICIONAL DE MATERIA--TÉRMINO DE MATERIA |
| Término de materia o nombre geográfico como elemento de entrada |
Relacoes internacionais. |
| Fuente del encabezamiento o término |
larpcal |
| 650 #7 - PUNTO DE ACCESO ADICIONAL DE MATERIA--TÉRMINO DE MATERIA |
| Término de materia o nombre geográfico como elemento de entrada |
Historia do direito. |
| Fuente del encabezamiento o término |
larpcal |
| 650 #7 - PUNTO DE ACCESO ADICIONAL DE MATERIA--TÉRMINO DE MATERIA |
| Término de materia o nombre geográfico como elemento de entrada |
Comércio internacional. |
| Fuente del encabezamiento o término |
larpcal |
| 600 14 - PUNTO DE ACCESO ADICIONAL DE MATERIA--NOMBRE DE PERSONA |
| Nombre de persona |
Barbosa, Ruy, |
| Fechas asociadas al nombre |
1849-1923, |
| Subdivisión general |
discursos etc. |
| Fuente del encabezamiento o término |
ap |
| 600 14 - PUNTO DE ACCESO ADICIONAL DE MATERIA--NOMBRE DE PERSONA |
| Nombre de persona |
Smith, Adam, |
| Subdivisión general |
critica e interpretacao. |
| 610 24 - PUNTO DE ACCESO ADICIONAL DE MATERIA--NOMBRE DE ENTIDAD CORPORATIVA |
| Nombre de entidad corporativa o nombre de jurisdicción como elemento de entrada |
Nacoes Unidas (ONU). |
| 610 24 - PUNTO DE ACCESO ADICIONAL DE MATERIA--NOMBRE DE ENTIDAD CORPORATIVA |
| Nombre de entidad corporativa o nombre de jurisdicción como elemento de entrada |
Mercado Comum do Sul (Mercosul). |
| 610 24 - PUNTO DE ACCESO ADICIONAL DE MATERIA--NOMBRE DE ENTIDAD CORPORATIVA |
| Nombre de entidad corporativa o nombre de jurisdicción como elemento de entrada |
Uniao Europeia (UE). |
| 611 24 - PUNTO DE ACCESO ADICIONAL DE MATERIA--NOMBRE DE REUNIÓN/CONGRESO |
| Nombre de congreso/reunión o jurisdicción como elemento de entrada |
Conferencia Internacional da Paz |
| Número del congreso/reunión o número de parte o sección |
(2. : |
| Fecha del congreso o de la firma del tratado |
1907 : |
| Sede del congreso/Lugar de la reunión |
Haia). |
| Fuente del encabezamiento o término |
cc |
| 611 24 - PUNTO DE ACCESO ADICIONAL DE MATERIA--NOMBRE DE REUNIÓN/CONGRESO |
| Nombre de congreso/reunión o jurisdicción como elemento de entrada |
Conferencia Interamericana sobre Problemas da Guerra e da Paz |
| Fecha del congreso o de la firma del tratado |
(1945 : |
| Sede del congreso/Lugar de la reunión |
México, DF). |
| Fuente del encabezamiento o término |
cc |
| 650 14 - PUNTO DE ACCESO ADICIONAL DE MATERIA--TÉRMINO DE MATERIA |
| Término de materia o nombre geográfico como elemento de entrada |
Relacoes internacionais, |
| Subdivisión general |
historia, |
| -- |
filosofia. |
| 650 #4 - PUNTO DE ACCESO ADICIONAL DE MATERIA--TÉRMINO DE MATERIA |
| Término de materia o nombre geográfico como elemento de entrada |
Direito internacional publico, |
| Subdivisión general |
historia. |
| 650 #4 - PUNTO DE ACCESO ADICIONAL DE MATERIA--TÉRMINO DE MATERIA |
| Término de materia o nombre geográfico como elemento de entrada |
Politica internacional. |
| 650 #4 - PUNTO DE ACCESO ADICIONAL DE MATERIA--TÉRMINO DE MATERIA |
| Término de materia o nombre geográfico como elemento de entrada |
Direito comercial internacional. |
| 650 #4 - PUNTO DE ACCESO ADICIONAL DE MATERIA--TÉRMINO DE MATERIA |
| Término de materia o nombre geográfico como elemento de entrada |
Integracao economica, |
| Subdivisión general |
comercio internacional. |
| 650 #4 - PUNTO DE ACCESO ADICIONAL DE MATERIA--TÉRMINO DE MATERIA |
| Término de materia o nombre geográfico como elemento de entrada |
Extradicao. |
| 650 #4 - PUNTO DE ACCESO ADICIONAL DE MATERIA--TÉRMINO DE MATERIA |
| Término de materia o nombre geográfico como elemento de entrada |
Asilo político. |
| 650 #4 - PUNTO DE ACCESO ADICIONAL DE MATERIA--TÉRMINO DE MATERIA |
| Término de materia o nombre geográfico como elemento de entrada |
Geopolítica. |
| 650 #4 - PUNTO DE ACCESO ADICIONAL DE MATERIA--TÉRMINO DE MATERIA |
| Término de materia o nombre geográfico como elemento de entrada |
Crise política, |
| Subdivisión geográfica |
Equador, |
| Subdivisión cronológica |
2005. |
| 650 #4 - PUNTO DE ACCESO ADICIONAL DE MATERIA--TÉRMINO DE MATERIA |
| Término de materia o nombre geográfico como elemento de entrada |
Produto industrializado, |
| Subdivisión general |
comercio internacional, |
| Subdivisión geográfica |
Brasil, |
| -- |
Estados Unidos, |
| -- |
Uniao Europeia. |
| 650 #4 - PUNTO DE ACCESO ADICIONAL DE MATERIA--TÉRMINO DE MATERIA |
| Término de materia o nombre geográfico como elemento de entrada |
Integracao regional. |
| 650 #4 - PUNTO DE ACCESO ADICIONAL DE MATERIA--TÉRMINO DE MATERIA |
| Término de materia o nombre geográfico como elemento de entrada |
Direito espacial. |
| 650 #4 - PUNTO DE ACCESO ADICIONAL DE MATERIA--TÉRMINO DE MATERIA |
| Término de materia o nombre geográfico como elemento de entrada |
Direito comunitario, |
| Subdivisión general |
direito comparado, |
| Subdivisión geográfica |
Paises do Mercosul, |
| -- |
Paises da Uniao Europeia. |
| 650 #4 - PUNTO DE ACCESO ADICIONAL DE MATERIA--TÉRMINO DE MATERIA |
| Término de materia o nombre geográfico como elemento de entrada |
Constituicao, |
| Subdivisión geográfica |
Europa. |
| 700 1# - ENTRADA AGREGADA--NOMBRE PERSONAL |
| Nombre de persona |
Mialhe, Jorge Luís, |
| Término indicativo de función/relación |
org. |
| 942 ## - ELEMENTOS DE ENTRADA SECUNDARIOS (KOHA) |
| Fuente del sistema de clasificación o colocación |
Clasificación de Library of Congress |
| Tipo de ítem Koha |
|
| 994 ## - |
| -- |
C0 |
| -- |
DRFGD |
| 946 ## - PROCESAMIENTO DE INFORMACIÓN LOCAL (OCLC) |
| a |
JP |